00670nam a2200181 a 450000100100000000500170001000800410002704000250006810000300009324501130012326000430023630000200027949000090029950000420030883000160035095201050036699900170047100004289520201002040500.0140212s1974 fr 000 0 spa d aDO-SdBNPbspacBNPHU1 aCamacho, Marcelino97034210aCharlas en la prisiónEl movimiento obrero sindical. :bel movimiento obrero sindical /cMarcelino Camacho. aBacelona, :bLibraire du Globe,c1974. a92 p. ;c18 cm.1 aEbro aIncluye datos biografícos del autor 0aEbro969274 001050718MOaGRbGRcCTd2014-02-12iLF1l0o p42895-10r2020-06-25w2020-06-25y1ZNo se presta c42384d42384